| 000 | 01533nam a22003377a 4500 | ||
|---|---|---|---|
| 003 | BJBSDDR | ||
| 005 | 20260424130234.0 | ||
| 007 | ta | ||
| 008 | 260410s2018 dr ||||| |||| 00| 0 spa d | ||
| 020 | _a9789945610130 | ||
| 020 | _a9945610139 | ||
| 040 |
_bspa _cBJBSDDR |
||
| 041 | _aspa | ||
| 050 | 1 | 4 |
_aKGQ 52 _bD542r 2018 |
| 100 | 1 |
_aDíaz Filpo, Rafael _933090 |
|
| 245 | 1 | 3 |
_aLa reserva de ley en Iberoamérica / _cRafael Díaz Filpo ; prólogo, Milton Ray Guevara |
| 260 |
_aSanto Domingo, República Dominicana : _bTribunal Constitucional de la República Dominicana, _c 2018 |
||
| 300 |
_a282 páginas : _bilustraciones ; _c23 cm |
||
| 490 | 1 | _aColección IUDEX | |
| 504 | _aIncluye referencias bibliográficas (páginas [221]-227) | ||
| 505 | 0 | _aEl concepto de ley. Evolución y tipos -- La reserva de ley -- La reserva de ley en la regulación de los derechos fundamentales -- Leyes orgánicas y ordinarias en los países Iberoamericanos -- Proceso de formación de las leyes en los países Iberoamericanos -- La reserva de ley frente a la omisión legislativa. | |
| 650 | 4 |
_aDerecho _zRepública Dominicana _948135 |
|
| 650 | 4 |
_aDerecho _xLegislación _zRepública Dominicana _948136 |
|
| 650 | 4 |
_aDerecho _xInterpretación y construcción _zRepública Dominicana _928775 |
|
| 650 | 4 |
_aDerecho _zAmérica Latina _948137 |
|
| 650 | 4 |
_aDerecho _zEspaña _948138 |
|
| 700 | 1 |
_aGuevara, Milton Ray, _d1948- _932482 _eprologuista |
|
| 830 | 0 |
_aColección IUDEX _932344 |
|
| 942 |
_2lcc _cBK |
||
| 946 | _icmc | ||
| 999 |
_c126762 _d126762 |
||